Yoga with visually challenged (Record no. 6877)

MARC details
000 -LEADER
fixed length control field 00843 a2200205 4500
005 - DATE AND TIME OF LATEST TRANSACTION
control field 20080912145328.0
008 - FIXED-LENGTH DATA ELEMENTS--GENERAL INFORMATION
fixed length control field 080912t xxu||||| |||| 00| 0 eng d
010 ## - LIBRARY OF CONGRESS CONTROL NUMBER
LC control number ENG-87752
020 ## - INTERNATIONAL STANDARD BOOK NUMBER
Terms of availability 400.00
International Standard Book Number 8188684813
035 ## - SYSTEM CONTROL NUMBER
System control number EN-71285
037 ## - SOURCE OF ACQUISITION
Source of stock number/acquisition D.B.Act / Pub
082 ## - DEWEY DECIMAL CLASSIFICATION NUMBER
Classification number 613.7046
100 ## - MAIN ENTRY--PERSONAL NAME
Personal name Arora, Vicky
245 ## - TITLE STATEMENT
Title Yoga with visually challenged
Statement of responsibility, etc by Vicky Arora
260 ## - PUBLICATION, DISTRIBUTION, ETC. (IMPRINT)
Place of publication, distribution, etc Delhi
Name of publisher, distributor, etc Academic Excellence
Date of publication, distribution, etc 2007
270 ## - ADDRESS
Address 42, Ekta Appartments, Geeta Colony
City Delhi
Postal code 110031
Telephone number 011-22445526, 011-22453953, 09811892244
Electronic mail address info@indianacademicpublisher.com
300 ## - PHYSICAL DESCRIPTION
Extent x, 127 p.
Dimensions 22 cm. (Pbk)
942 ## - ADDED ENTRY ELEMENTS (KOHA)
Institution code [OBSOLETE] dpl
Koha item type English Books
Call number prefix 613.7046 / ARO
Source of classification or shelving scheme Dewey Decimal Classification
Classification part 613.7046
Call number suffix ARO
Holdings
Withdrawn status Lost status Damaged status Not for loan Collection code Home library Current library Date acquired Cost, normal purchase price Total Checkouts Full call number Barcode Date last seen Copy number Uniform Resource Identifier Cost, replacement price Price effective from Koha item type
      Not For Loan Non-fiction D.B.Act.Division D.B.Act.Division 12/09/2008 400.00   613.7046 ARO EN-71285 15/09/2008 1 7383 400.00 15/09/2008 English Books

© Delhi Public Library
Hit Counter
free hit counter